| 000 | 00325nam a2200121Ia 4500 | ||
|---|---|---|---|
| 008 | 231129s9999||||xx |||||||||||||| ||spa|| | ||
| 040 | _bspa | ||
| 082 | _a927.80861 R744j | ||
| 100 | _aRoldan Luna Diego | ||
| 245 | 0 | _aJeronimo Velasco : Recortes musicales de su vida | |
| 264 | _aAlonso Quijada Editores | ||
| 942 |
_2ddc _cBKS |
||
| 999 |
_c16089 _d16089 |
||